A katholikus intézeti nevelés elmélete és gyakorlata

Bibliographic Details
Main Author: Eckinger, Johann Nepomuk (Author)
Corporate Author: Winter, Žigmund (firma) (Printer)
Other Authors: Fallenbüchl, Ferenc 1873-1956 (Translator, Author of introduction, etc.)
Format: Book
Language:Hungarian
German
PhysicalDescription:204, [1] s.
Published: Nagyszombat Winter Zsigmond Könyvnyomdája 1914
Subjects:

MARC

LEADER 00000nam a2200000 a 4500
001 vtls011706422
003 SK-MaSNL
005 20260301182410.0
008 240314s1914 xo a 0 an0 hun
015 |a SNBA1914 
020 |q (viaz.) 
040 |a SNK  |b slo  |c SNK  |e AACR2 
041 1 |a hun  |h ger 
044 |a xo  |c SK 
072 7 |a 37  |x Výchova a vzdelávanie  |2 konspekt 
080 |a 373/378.014.521  |2 2001 
100 1 |a Eckinger, Johann Nepomuk  |4 aut  |9 556217 
245 1 0 |a A katholikus intézeti nevelés elmélete és gyakorlata  |c Eckinger Nep. János S.J. német eredetijéből fordította: Fallenbüchl Ferenc dr. esztergom. főegyh. áldozópap, kath. érs. főgimn. tanár, konviktusi tanulm. felügyelő 
260 |a Nagyszombat  |b Winter Zsigmond Könyvnyomdája  |c 1914 
300 |a 204, [1] s. 
500 |a Obálkový titulný list s vinetou 
500 |a Imprimatur 
501 |a Predslov prekladateľa 
504 0 |a Poznámky a vysvetlivky pod textom 
648 7 |a 20. stor.  |2 SNKPH  |9 275975 
650 0 7 |a cirkevné školy  |2 SNKPH  |9 4074 
700 1 |a Fallenbüchl, Ferenc  |d 1873-1956  |4 trl  |4 aui  |9 418876 
710 0 |a Winter, Žigmund (firma)  |4 prt  |9 214343 
752 |a Slovensko  |d Trnava 
852 |a SNK  |p SC 11587 
852 |a SNK  |p SC 11587 D1 
852 |a SNK  |p SC 11587 D2 
852 |a SNK  |p SC 11587 D3 
852 |a SNK  |p SC 11587 D4 
958 |a ONDV 
999 |c 853508  |d 855438 
952 |a SNK  |b SNK  |y PREZ  |7 0  |p 17A0837393  |o snkSC 11587  |i snkKSF 1225/58  |8 5  |0 0  |1 0  |4 0  |d 2017-08-10  |l 0  |r 2025-07-11 00:00:00  |w 2026-02-24 
952 |a SNK  |b SNK  |y VYP  |7 0  |p 17A1298693  |o snkSC 11587 D1  |i snkF 2859/1967  |8 5  |0 0  |1 0  |4 0  |d 2017-08-10  |l 0  |r 2026-02-24 04:48:37  |w 2026-02-24 
952 |a SNK  |b SNK  |y VYP  |7 0  |p 17A1298684  |o snkSC 11587 D2  |i snkF 3759/1967  |8 5  |0 0  |1 0  |4 0  |d 2017-08-10  |l 0  |r 2026-02-24 04:48:37  |w 2026-02-24 
952 |a SNK  |b SNK  |y VYP  |7 0  |p 17A1298685  |o snkSC 11587 D3  |i snkF 3932/1967  |8 5  |0 0  |1 0  |4 0  |d 2017-08-10  |l 0  |r 2026-02-24 04:48:37  |w 2026-02-24 
952 |a SNK  |b SNK  |y VYP  |7 0  |p 17A1298686  |o snkSC 11587 D4  |i snkF 3853/1967  |8 5  |0 0  |1 0  |4 0  |d 2017-08-10  |l 0  |r 2026-02-24 04:48:37  |w 2026-02-24